Tlmenie pohybu valcovej pružiny kvapalným prostredím

Bibliographic Details
Main Author: Turza, Jozef (Author)
Format: Article
Language:Slovak
PhysicalDescription:Grafy 4, sch. 4, res. angl., lit. 5 zázn. v nem., ruš., slov.
ISSN:0039-2472
Subjects:

MARC

LEADER 00000nab a2200000 a 4500
001 vtls000552226
003 SK-MaSNL
005 20260304090840.0
008 250425c1995 xo 0 slo
015 |a SNBRB19rr/mm-uuuuu 
035 |a CL0552364 
035 |a urn:nbn:sk:snk-abbp6b 
035 |a (urnnbn)urn:nbn:sk:snk:ar-a09uj9 
035 |a (uuid)9a1c6a94-233e-433b-a4e7-c32be5133eae 
040 |a SNKBUCL  |b slo  |c SNKBUCL  |e AACR2 
041 0 |a slo 
044 |a xo  |c SK 
080 |a 539.67:532.5  |2 1981 
080 |a 532.5  |2 1981 
100 1 |a Turza, Jozef  |4 aut  |9 5838 
245 1 0 |a Tlmenie pohybu valcovej pružiny kvapalným prostredím  |c Jozef Turza 
300 |b Grafy 4, sch. 4, res. angl., lit. 5 zázn. v nem., ruš., slov. 
650 0 7 |a valcové pružiny  |2 snkbucl  |9 1274377 
650 0 7 |a pohyb  |2 snkbucl  |9 397811 
650 0 7 |a tlmenie  |2 snkbucl  |9 1271794 
655 7 |a články z novín a časopisov  |2 snkbucl  |9 267496 
773 0 |t Strojnícky časopis  |g Roč. 46, č. 2 (1995), s. 105-120  |x 0039-2472 
850 |a Slovenská národná knižnica 
852 |a Slovenská národná knižnica 
954 |a odborná, vedecká literatúra pôvodná (slovenská)  |2 lita 
958 |a article15 
958 |a OND 
958 |a NB 
958 |a RK 
958 |a EUIPO 
992 |a RBX 
999 |c 2813008  |d 2814938